000 00529nam a2200169 i 4500
001 87655
003 ES-MaACL
005 20230906175720.0
007 t|
008 041222s1963 sp ||||1| spa d
100 1 _aKulternann, Udo.
_969015
245 1 0 _aArquitectura moderna en Africa /
_cUdo Kulternamm ; versión española de José María Lafora.
260 _aBarcelona :
_bGustavo Gili,
_c[1963]
300 _aLVI p., 182 lám. ;
_c27 cm.
700 1 _aLafora, José María.
_969510
852 _aES-MaACL
_jC-23989
_bR.52963
999 _c87655
_d87655